000 00366nam a2200157Ia 4500
005 20240807062048.0
008 240806s9999||||xx |||||||||||||| ||eng||
041 _aeng
082 _a891.4330101
_bKRIA
100 _aKrishn Mohan
245 0 _aAdhunikta our upanivesh /
_cKrishn Mohan
260 _bVani Prakashan
300 _a295
650 _aHindi
942 _cBK
999 _c7222
_d7222